Szent-Györgyi nevét viseli a Rotary Club

[Újraalakulásának 15. évfordulóját ünnepli a szegedi Rotary Club, amely 2005-ben Szent-Györgyi nevét vette fel. A Nobel-díjas tudós 1937-ben a szegedi Rotary Club elnöke volt.]

Elmentve itt :
Bibliográfiai részletek
Szerző: F[ekete] K[lára]
Dokumentumtípus: Cikk
Megjelent: 2006-10-24
Sorozat:Délmagyarország 96 No. 249
Kulcsszavak:Szent-Györgyi Albert, Lakatos Jenő soros elnök, Rotary club
Online Access:http://misc.bibl.u-szeged.hu/73129
LEADER 00778nab a2200181 i 4500
001 misc73129
005 20240612155449.0
008 240612s2006 hu o 000 hun d
040 |a SZTE Miscellanea Repozitórium  |b hun 
041 |a hun 
100 1 |a F[ekete] K[lára] 
245 1 0 |a Szent-Györgyi nevét viseli a Rotary Club  |h [elektronikus dokumentum] /  |c  F[ekete] K[lára] 
260 |c 2006-10-24 
300 |a 8 
490 0 |a Délmagyarország  |v 96 No. 249 
520 3 |a [Újraalakulásának 15. évfordulóját ünnepli a szegedi Rotary Club, amely 2005-ben Szent-Györgyi nevét vette fel. A Nobel-díjas tudós 1937-ben a szegedi Rotary Club elnöke volt.] 
561 |a Szent-Györgyi Albertről szóló irodalom 
695 |a Szent-Györgyi Albert, Lakatos Jenő soros elnök, Rotary club